উচ্চ মাধ্যমিক জীববিজ্ঞান দ্বিতীয় পত্র : প্রাণিবিজ্ঞান / (Record no. 6612)
[ view plain ]
| 000 -LEADER | |
|---|---|
| fixed length control field | 00929nam a22002297a 4500 |
| 001 - CONTROL NUMBER | |
| JCCL Control Number | 6612 |
| 003 - CONTROL NUMBER IDENTIFIER | |
| JCCL marc code | BD-JhCC |
| 005 - DATE AND TIME OF LATEST TRANSACTION | |
| control field | 20180130101544.0 |
| 008 - FIXED-LENGTH DATA ELEMENTS--GENERAL INFORMATION | |
| fixed length control field | 180127b xxu||||| |||| 00| 0 eng d |
| 035 ## - SYSTEM CONTROL NUMBER | |
| system control number | (BD-JhCC)6612 |
| 040 ## - CATALOGING SOURCE | |
| Original cataloging agency | BD-JhCC |
| Modifying agency | BD-JhCC |
| 041 ## - LANGUAGE CODE | |
| Language code of Book | eng |
| 082 ## - DEWEY DECIMAL CLASSIFICATION NUMBER | |
| Classification number | 591 |
| Author mark and Year | UCC 1998 |
| 100 ## - MAIN ENTRY--PERSONAL NAME | |
| Personal name | শহীদুল্লাহ, এ. জে. এম. |
| 245 ## - TITLE STATEMENT | |
| Title | উচ্চ মাধ্যমিক জীববিজ্ঞান দ্বিতীয় পত্র : প্রাণিবিজ্ঞান / |
| Statement of responsibility, etc | এ. জে. এম. শহীদুল্লাহ, অমরেন্দ্র নারায়ন চৌধুরী |
| 260 ## - PUBLICATION, DISTRIBUTION, ETC. (IMPRINT) | |
| Place of publication, distribution, etc | ঢাকা : |
| Name of publisher, distributor, etc | মল্লিক ব্রাদার্স, |
| Date of publication, distribution, etc | 1998. |
| 300 ## - PHYSICAL DESCRIPTION | |
| Pagination | 526 p. : |
| Other physical details | ills; |
| Dimensions | 25 cm. |
| 650 ## - SUBJECT ADDED ENTRY--TOPICAL TERM | |
| Topical term or geographic name as entry element | Biology |
| 700 ## - ADDED ENTRY--PERSONAL NAME | |
| Personal name | চৌধুরী, অমরেন্দ্র নারায়ন |
| 942 ## - ADDED ENTRY ELEMENTS (KOHA) | |
| Source of classification or shelving scheme | Dewey Decimal Classification |
| Koha item type | Books |
| Source of classification or shelving scheme | Damaged status | Not for loan | Home library | Current library | Shelving location | Cost, normal purchase price | Total Checkouts | Full call number | Barcode | Date last seen | Copy number | Koha item type | Date of accession |
|---|---|---|---|---|---|---|---|---|---|---|---|---|---|
| Dewey Decimal Classification | JCC Rouf Library | JCC Rouf Library | General Stacks | 200.00 | 591 UCC 1998 | 9082 | 01/27/2018 | C - 1 | Books | ||||
| Dewey Decimal Classification | JCC Rouf Library | JCC Rouf Library | General Stacks | 200.00 | 591 UCC 1998 | 10098 | 02/12/2018 | C-2 | Books | 02/12/2018 |